Normal view
MARC view
- Brownston, Lee
Entry Personal Name
001 - CONTROL NUMBER
- control field: 112336
003 - CONTROL NUMBER IDENTIFIER
- control field: NUST
005 - DATE AND TIME OF LATEST TRANSACTION
- control field: 20230516093808.0
008 - FIXED-LENGTH DATA ELEMENTS
- fixed length control field: 230516|| aca||aabn | a|a d
040 ## - CATALOGING SOURCE
- Original cataloging agency: NUST
- Transcribing agency: NUST
100 ## - HEADING--PERSONAL NAME
- Personal name: Brownston, Lee
670 ## - SOURCE DATA FOUND
- Source citation: Work cat.: (NUST)175413: Programming expert systems in OPS5 : , c1985.
